000 00517nam a2200181Ia 4500
003 GCL
008 140319s9999 xx 000 0 eng d
040 _aGCL /
_cGCL
082 0 4 _aCH
_b372.216
_bA P
100 1 _aLIBRCURIE DU LIBAU
245 1 0 _aABC PICTURE DICTIONARY: ENGLISH ARABIC /
_cLIBRCURIE DU LIBAU
260 _a[S.N] :
_bLIBRAIRIE DU LIBAN
650 0 4 _aCHILDREN
650 0 4 _aENGLISH LANGUAGE
650 0 4 _aENCYCLOPEDIAS AND DICTIONARIES
650 0 4 _aPICTURE - BOOKS FOR CHILDREN
942 _2ddc
_cBK
999 _c17775
_d17775